| 000 | 00412nam a2200157Ia 4500 | ||
|---|---|---|---|
| 008 | 160316s2004 xxu||||| |||| 00| 0 eng d | ||
| 082 |
_a347.060000 _bRAT |
||
| 100 | _aRatanlal Ranchhoddas | ||
| 245 | _aThe law of evidence | ||
| 250 | _a20th Rep | ||
| 260 |
_aAgra _bWadhwa & Co. _c2004 |
||
| 300 |
_a1436p _b _cxxl |
||
| 365 | _b Rs.1.395 | ||
| 650 | _a1.Evidence Law | ||
| 700 |
_aDhirajlal Keshavlal Thakore _a |
||
| 999 |
_c22901 _d22901 |
||